000 00338nam a2200169Ia 4500
100 _aPaulo/Coelho
650 _aGeneral
942 _cBK
366 _f20
654 _aalchemist
245 _aAlchemist
260 _bHarper collins
_aNew Delhi
_c2006
082 _a910/PAU
_bPAU
300 _a177
546 _aENGLISH
999 _c26720
_d26720